00289pam a2200109 a 4500020000500000041000500005082001500010100003700025245007100062260003000133300001600163 c h a741.6bLUP aEllen Lupton and Abbott millon. aThe A B C`S of the Bauhaus and Design Theory hTextual Documents a[s.l]:bThames and Hudson a62:bpaper.